|
|
|
|
| LEADER |
01377cam a22003611a 4500 |
| 001 |
AAL8754 |
| 003 |
BD-DhAAL |
| 005 |
20160724122523.0 |
| 008 |
160724r19391939nyu 000 1 eng |
| 010 |
|
|
|a 39027282
|
| 035 |
|
|
|a 2166720
|
| 040 |
|
|
|a LC
|b eng
|c LC
|d VMOU
|d BD-DhAAL
|
| 050 |
0 |
0 |
|a PS3537.T3234
|b G8 1939
|
| 082 |
|
|
|a 813/.54
|
| 100 |
1 |
|
|a Steinbeck, John,
|d 1902-1968.
|9 20160
|
| 245 |
1 |
4 |
|a The grapes of wrath
|c [by] John Steinbeck.
|
| 260 |
|
|
|a New York,
|b The Viking press
|c [c1939]
|
| 300 |
|
|
|a 415 p. ;
|c 21 cm.
|
| 500 |
|
|
|a Songs with music on lining-papers.
|
| 500 |
|
|
|a "First published in April 1939."
|
| 500 |
|
|
|a Source: Copyright deposit (129068), Apr. 18, 1939.
|5 DLC
|
| 541 |
|
|
|e 8754
|
| 650 |
|
0 |
|a Migrant agricultural laborers
|z California
|x Fiction.
|9 20161
|
| 650 |
|
0 |
|a Labor camps
|z California
|x Fiction.
|9 20162
|
| 651 |
|
0 |
|a California
|x Fiction.
|9 20163
|
| 655 |
|
7 |
|a Historical fiction.
|2 lcsh
|9 20164
|
| 655 |
|
7 |
|a Western stories.
|2 gsafd
|9 20165
|
| 655 |
|
7 |
|a Historical fiction.
|2 gsafd
|9 20164
|
| 710 |
2 |
|
|a Herman Finkelstein Collection (Library of Congress)
|5 DLC
|9 20166
|
| 852 |
|
|
|a Savar Campus Library
|c General Shelf
|
| 942 |
|
|
|2 ddc
|c BK
|
| 999 |
|
|
|c 37721
|d 37721
|
| 952 |
|
|
|0 0
|1 0
|2 ddc
|4 0
|6 813_000000000000000__54_STE
|7 0
|9 59427
|a SCL
|b SCL
|c GEN
|d 2016-07-24
|g 200.00
|l 8
|m 43
|o 813.54 STE
|p 3020008754
|r 2025-12-26
|s 2025-10-16
|t 1
|w 2016-07-24
|y BK
|